000 00289nam a22001337a 4500
008 170612b xxu||||| |||| 00| 0 eng d
020 _a9781556112973
041 _aeng
080 _a324
100 _a19
101 _aSHP
245 _aTHE REAL MAJORITY
_cSCAMMON, R.M
942 _2udc
_cBK
999 _c16895
_d16895